Ley de Justicia Penal Juvenil dentro de los modelos teóricos de política criminal y fuentes legales /
Salvato in:
| Autore principale: | |
|---|---|
| Natura: | testo |
| Soggetti: | |
| Tags: |
Aggiungi Tag
Nessun Tag, puoi essere il primo ad aggiungerne!!
|
MARC
| LEADER | 00000 a a2200000 04500 | ||
|---|---|---|---|
| 001 | 17395 | ||
| 003 | |||
| 040 | |||
| 100 | |a Tiffer Sotomayor, Carlos | ||
| 245 | |a Ley de Justicia Penal Juvenil dentro de los modelos teóricos de política criminal y fuentes legales / |c Carlos Tiffer Sotomayor | ||
| 650 | |a ADOLESCENTES | ||
| 650 | |a POLITICA SOCIAL | ||
| 650 | |a JUSTICIA SOCIAL | ||
| 650 | |a PROBLEMAS SOCIALES | ||
| 650 | |a DELINCUENCIA | ||
| 650 | |a DELINCUENCIA JUVENIL | ||
| 650 | |a DELITOS | ||
| 650 | |a CASTIGO | ||
| 650 | |a SANCIONES PENALES | ||
| 650 | |a ASPECTOS JURIDICOS | ||
| 650 | |a LEGISLACION | ||
| 773 | |g número 5; páginas 91-180 | ||
| 999 | |c 22165 |d 22165 | ||
